Normal view
MARC view
Entry Personal Name
001 - CONTROL NUMBER
- control field: 12112
003 - CONTROL NUMBER IDENTIFIER
- control field: OSt
005 - DATE AND TIME OF LATEST TRANSACTION
- control field: 20170421151137.0
008 - FIXED-LENGTH DATA ELEMENTS
- fixed length control field: 170421|| aca||aabn | a|a d
040 ## - CATALOGING SOURCE
- Original cataloging agency: OSt
- Transcribing agency: OSt
100 ## - HEADING--PERSONAL NAME
- Personal name: Dipiro,Joseph T. Talbert,Robert L. Yee ,Gary C.
670 ## - SOURCE DATA FOUND
- Source citation: Work cat.: (OSt): Dipiro,Joseph T. Talbert,Robert L. Yee ,Gary C., Pharmacotherapy:Apathophysiologic Approach
